Garni Hotel *** - Dunajská ul., Bratislava

Enregistré dans:
Détails bibliographiques
Auteur principal: Bujna, Martin, 1986- (Auteur)
Autres auteurs: Urlandová, Andrea, 1960- (Directeur de thèse)
Format: Manuscrit Livre
Langue:slovaque
Publié: Bratislava : STU v Bratislave FA, 2010
Sujets:
Accès en ligne:VAIS
Tags: Ajouter un tag
Pas de tags, Soyez le premier à ajouter un tag!

MARC

LEADER 00000ntm a22000003a 4500
001 stu217999
005 20210729080848.6
008 101201s2010----xo------------------slo-d
040 |a STU  |b slo 
041 0 |a slo 
044 |a xo 
100 1 |a Bujna, Martin,  |d 1986-  |4 aut  |u A  |T FAD Fakulta architektúry  |X 40112  |U A  |Y 50  |7 A000040112 
242 0 0 |a Garni hotel, Dunajska street, Bratislava  |y eng 
245 1 |a Garni Hotel *** - Dunajská ul., Bratislava 
260 |a Bratislava :  |b STU v Bratislave FA,  |c 2010 
650 7 |a architektúra a urbanizmus  |2 stusub 
650 7 |a Architecture and Urban Design  |2 estusub 
650 7 |a hotel  |2 stusub 
650 7 |a Dunajská ulica  |2 stusub 
700 1 |a Urlandová, Andrea,  |d 1960-  |4 ths  |u A3130  |U FAD Fakulta architektúry  |U FAD Fakulta architektúry  |T FA Ústav dejín a teórie architektúry a obnovy pamiatok  |X 330  |U A3130  |Y 394  |7 A000000330 
856 4 |a info a plný text  |u http://is.stuba.sk/zp/portal_zp.pl?podrobnosti=5123  |u https://opac.crzp.sk/?fn=detailBiblioForm&sid=4156E77560192824B5621796D6BB  |3 VAIS